| 000 | 00970nam0a22002771 4500 | ||
|---|---|---|---|
| 001 | RU\NLR\INFOCOMM_161\5000074318 | ||
| 005 | 20250613094136.0 | ||
| 035 | _a(NLR Aleph) 009243445 | ||
| 090 |
_a8939864 _c8939864 |
||
| 100 | _a20100726d1960 |||y0rusy50 ca | ||
| 101 | 0 | _aeng | |
| 102 | _aRU | ||
| 105 | _ay ||||000|y | ||
| 200 | 1 |
_aThe enigmatic musayyabī, ghitrīfī and muhammadi dirhams _e(From the history of Central Asian coinage in the 9th-10th centuries) _fE. A. Davidovich |
|
| 210 |
_aМ. _cOriental literature publ. house _d1960 |
||
| 215 |
_a19 с. _d20 см |
||
| 225 | 1 |
_aPapers presented by the USSR delegation _fXXV International congress of orientalists _v[83] |
|
| 309 | _aЛитогр. | ||
| 686 |
_aИ22-60 _2rubbk |
||
| 700 | 1 |
_9z02790 _aDavidovič _bE. A. _gElena Abramovna _4070 |
|
| 790 | 1 |
_9z02700 _aDavidovich _bE. A. _4070 |
|
| 801 | 1 |
_aRU _bNLR _c20100726 |
|
| 801 | 0 |
_aRU _bNLR _gPSBO |
|
| 852 |
_aNLR _jИ91 Г-4/364 |
||
| 942 | _cBOOK | ||
| 980 | _aNB | ||